Dřevěné konstrukce

Salvato in:
Dettagli Bibliografici
Autore principale: Dvořák, Tomáš (Autore)
Natura: Libro
Lingua:ceco
Pubblicazione: Praha : České vysoké učení technické v Praze, 1989
Tags: Aggiungi Tag
Nessun Tag, puoi essere il primo ad aggiungerne!!

MARC

LEADER 00000nam a22000003a 4500
001 stu86322
005 20150617225630.0
008 040427s1989----cs------------------cze-d
040 |a STU  |b slo 
041 0 |a cze 
044 |a cs 
080 |a 624.011.1(075.8) 
100 1 |a Dvořák, Tomáš  |4 aut 
245 1 |a Dřevěné konstrukce 
260 |a Praha :  |b České vysoké učení technické v Praze,  |c 1989 
300 |a 150 s 
996 |b 284V029413  |c V*31977/S-90  |l VVT  |s A  |a 24  |w stu86322_0001